Pensar sin limites. Matemática método Singapur 3B

Сохранить в:
Библиографические подробности
Главный автор: Fong, Ho Kheong (autor)
Другие авторы: Ramakrishnan, Chelvi (autor), Choo, Michelle (autora)
Формат:
Язык:английский
Опубликовано: Times Centre, Singapur: Marshall Cavendish Education; Galileo Libros & Educación; Software and Books Solution, 2011
Редактирование:Primera edición en Español
Предметы:
Метки: Добавить метку
Нет меток, Требуется 1-ая метка записи!

MARC

LEADER 00000nam a22000007a 4500
003 CL-VaPUC
005 20220704125952.0
008 220419b2011 ||||| |||| 00| 0 eng d
999 |c 435437  |d 435435 
020 |a 978-981-01-6902-2 (la) 
020 |a 978-981-01-6905-3 (ct p-1) 
020 |a 978-981-01-6906-0 (ct p-2) 
040 |c Pontificia Universidad Católica de Valparaíso 
082 |a 372.7044 FON 2011 
100 |a Fong, Ho Kheong  |e autor  |9 868590 
245 |a Pensar sin limites.  |b Matemática método Singapur 3B 
250 |a Primera edición en Español 
260 |a Times Centre, Singapur:  |b Marshall Cavendish Education;  |b Galileo Libros & Educación;   |b Software and Books Solution,  |c 2011 
300 |a 168 páginas 
500 |a C1. la-, C1 y C2 ct p-1, C1 y C2 ct p-2. Donado por Profesora Marcela Jarpa. Memo Edu/003. 10/02/2022 
505 |a Libro del Alumno. Cuaderno de trabajo Parte 1. Cuaderno de trabajo Parte 2. 
583 |c 20220419  |k Catalogador Asistente 
650 |a Matemáticas  |x Estudio y enseñanza   |x Educación primaria  |9 870506 
700 |a Ramakrishnan, Chelvi  |e autor  |9 868591 
700 |a Choo, Michelle  |e autora  |9 868592 
942 |2 ddc  |c BK 
952 |0 0  |1 0  |2 ddc  |4 0  |6 372_704400000000000_FON_2011  |7 0  |8 A  |9 582666  |a BIBEDU  |b BIBEDU  |c GEN  |d 2022-04-19  |e Donación  |h la  |i 5650831  |l 1  |o 372.7044 FON 2011  |p 5650831  |r 2022-07-26  |s 2022-07-26  |t 1  |w 2022-04-19  |y BK  |k EPE 
952 |0 0  |1 0  |2 ddc  |4 0  |6 372_704400000000000_FON_2011  |7 0  |8 A  |9 582667  |a BIBEDU  |b BIBEDU  |c GEN  |d 2022-04-19  |e Donación  |h ct p-1  |i 5650832  |o 372.7044 FON 2011  |p 5650832  |r 2022-04-19  |t 1  |w 2022-04-19  |y BK  |k EPE 
952 |0 0  |1 0  |2 ddc  |4 0  |6 372_704400000000000_FON_2011  |7 0  |8 A  |9 582668  |a BIBEDU  |b BIBEDU  |c GEN  |d 2022-04-19  |e Donación  |h ct p-1  |i 5650833  |o 372.7044 FON 2011  |p 5650833  |r 2022-04-19  |t 2  |w 2022-04-19  |y BK  |k EPE 
952 |0 0  |1 0  |2 ddc  |4 0  |6 372_704400000000000_FON_2011  |7 0  |8 A  |9 582669  |a BIBEDU  |b BIBEDU  |c GEN  |d 2022-04-19  |e Donación  |h ct p-2  |i 5650834  |o 372.7044 FON 2011  |p 5650834  |r 2022-04-19  |t 1  |w 2022-04-19  |y BK  |k EPE 
952 |0 0  |1 0  |2 ddc  |4 0  |6 372_704400000000000_FON_2011  |7 0  |8 A  |9 582670  |a BIBEDU  |b BIBEDU  |c GEN  |d 2022-04-19  |e Donación  |h ct p-2  |i 5650835  |o 372.7044 FON 2011  |p 5650835  |r 2022-04-19  |t 2  |w 2022-04-19  |y BK  |k EPE